00427nam a2200121Ia 4500001000400000008004100004082002300045100008400068245008700152260002400239901002700263999001500290812241024s9999 xx 000 0 und d aRD/372.97293/R426c aRepública Dominicana.Secretaria de Estado de Educación.Plan Decenal Inicial 0a¿Cómo elaborar material didáctico con Recursos del Medio en el Nivel Inicial? bSanto Domingoc1999 a3/12/2010 9:34:21 a.m. c8640d8640